000 01024cam a22002651i 4500
003 SA_RiAUC
005 20241212065655.0
008 241211s2009 su g f000 0 ara c
040 _aSA-RiPSS
_bara
_cSA-RiAUC
_erda
043 _aa-su---
082 0 4 _a240
090 _a240
_bع ق ل
100 1 _aالعقلاء، سارة بنت فراج بن علي
_eمؤلف.
245 1 0 _aتكفير المعين عند أئمة الدعوة النجدية :
_bضوابطه وشروطه /
_cسارة بنت فراج بن علي العقلاء.
250 _aالطبعة الأولى.
264 1 _aالرياض :
_bجامعة أم القرى،
_c2009
300 _a128 صفحة ؛
_c24 سم
336 _aنص
_btxt
_2rdacontent
_3كتاب
337 _aبدون وسيط
_bn
_2rdamedia
338 _aمجلد
_bnc
_2rdacarrier
650 7 _aالتكفير
_zالسعودية
_2aucsh
650 7 _aالدعوة الإسلامية
_zالسعودية
_2aucsh
942 _2ddc
_cBOOK
_n0
949 _aSA-JeALM
_d241211
_umohamedma123
_n1
999 _c3382
_d3382